Lively cities: Reconfiguring urban ecology (Record no. 1234130)
[ view plain ]
| 000 -LEADER | |
|---|---|
| fixed length control field | 00586nam a2200217Ia 4500 |
| 005 - DATE AND TIME OF LATEST TRANSACTION | |
| control field | 20241129120258.0 |
| 008 - FIXED-LENGTH DATA ELEMENTS--GENERAL INFORMATION | |
| fixed length control field | 241129s9999||||xx |||||||||||||| ||und|| |
| 020 ## - INTERNATIONAL STANDARD BOOK NUMBER | |
| International Standard Book Number | 9781517912567 |
| 037 ## - SOURCE OF ACQUISITION | |
| Stock number | TB |
| 040 ## - CATALOGING SOURCE | |
| Original cataloging agency | SDCL |
| Language of cataloging | eng |
| Transcribing agency | SDCL |
| 041 ## - LANGUAGE CODE | |
| Language code of text/sound track or separate title | eng |
| Source of code | eng |
| 084 ## - COLON CLASSIFICATION NUMBER | |
| Classification number | Y33 R3 |
| Assigning agency | SDCL |
| 100 ## - MAIN ENTRY--PERSONAL NAME | |
| Personal name | Barua Maan |
| 9 (RLIN) | 725329 |
| 245 #0 - TITLE STATEMENT | |
| Title | Lively cities: Reconfiguring urban ecology |
| 260 ## - PUBLICATION, DISTRIBUTION, ETC. | |
| Place of publication, distribution, etc. | Minneapolis |
| Name of publisher, distributor, etc. | University of Minnesota Press Londan |
| Date of publication, distribution, etc. | 2023 |
| 300 ## - PHYSICAL DESCRIPTION | |
| Extent | 372p. |
| 365 ## - TRADE PRICE | |
| Price type code | USD |
| Price amount | 30 |
| 650 ## - SUBJECT ADDED ENTRY--TOPICAL TERM | |
| Topical term or geographic name entry element | Reference |
| 942 ## - ADDED ENTRY ELEMENTS (KOHA) | |
| Koha item type | Textbook |
| Classification part | Y33 R3 |
| Withdrawn status | Lost status | Damaged status | Not for loan | Home library | Current library | Date acquired | Source of acquisition | Cost, normal purchase price | Total Checkouts | Full call number | Barcode | Date last seen | Price effective from | Koha item type |
|---|---|---|---|---|---|---|---|---|---|---|---|---|---|---|
| South Campus Library | South Campus Library | 2024-11-29 | Classic Book Service | 30.00 | Y33 R3 | SC1808052 | 2024-11-29 | 2024-11-29 | Textbook |
